LEADER 01234cam a2200301 i 4500 001 991003797609707536 008 080715s2003 it 001 0 ita d 020 $a8815094326 035 $ab13753514-39ule_inst 040 $aSet. Economia$bita 082 $a306.3 100 1 $aHeld, David$089649 245 10$aGlobalismo e antiglobalismo /$cDavid Held, Anthony McGrew 250 $aNuova ed. aggiornata e ampliata 260 $aBologna :$bIl Mulino,$c2003 300 $a165 p. ;$c21 cm 440 0$aUniversale paperbacks Il mulino ;$v405 504 $aBibliografia: p. 139-160 650 04$aGlobalizzazione$xAspetti sociali 700 1 $aMcGrew, Anthony$eauthor$4http://id.loc.gov/vocabulary/relators/aut$089650 765 0 $tGlobalization/Anti-Globalization 907 $a.b13753514$b28-01-14$c15-07-08 912 $a991003797609707536 945 $aLE021 306.30 HEL01.01$g1$i2020000017448$lle021$op$pE11.50$q-$rn$s- $t0$u2$v0$w2$x0$y.i14988665$z02-07-09 945 $aLE025 ECO 306 HEL01.01$g1$i2025000111394$lle025$o-$pE0.00$q-$rl$s- $t0$u3$v3$w3$x0$y.i14802831$z15-07-08 996 $aGreat globalization debate: an introduction$928678 997 $aUNISALENTO 998 $ale020$ale025$b15-07-08$cm$da $e-$fita$git $h0$i2